000 02077 a2200253 4500
003 OSt
005 20180116182813.0
008 161124b xxu||||| |||| 00| 0 eng d
020 _a0073043915
020 _a9780073043913
040 _c0
082 0 4 _a005.133 WU 2004
100 1 _a(Otani), C. Thomas Wu.
245 1 3 _aAn introduction to object-oriented programming with java 1.5 update with olc bi-card /
_cC. Thomas Wu (Otani)
250 _a3nd ed.
260 _a[S.l.] :
_bMcGraw-Hill Science/Engineering/Math,
_c2004.
300 _a962 p. ;
_c24 cm.
_bPB.
440 _aAn introduction to object-oriented programming with java 1.5 update with olc bi-card /
500 _aPaperback.
520 _aAn Introduction to Object-Oriented Programming with Java provides an accessible and thorough introduction to the basics of programming in java. This much-anticipated revision continues its emphasis on object-oriented programming. Objects are used early so students begin thinking in an object-oriented way, then later Wu teaches students to define their own classes. In the third edition, the author has eliminated the author-written classes, so students get accustomed to using the standard java libraries. In the new update, the author has included the Scanner Class for input, a new feature of Java 1.5. Also new is the use of smaller complete code examples to enhance student learning. The larger sample development programs are continued in this edition, giving students an opportunity to walk incrementally walk through program design, learning the fundamentals of software engineering. The number and variety of examples makes this a student-friendly text that teaches by showing. Object diagrams continue to be an important element of Wu's approach. The consistent, visual approach assists students in understanding concepts.
856 4 0 _3Amazon.com
_uhttp://www.amazon.com/exec/obidos/ASIN/0073043915/chopaconline-20
856 4 0 _3Amazon customer reviews
_uhttp://www.chopac.org/cgi-bin/tools/azrev.pl?q=0073043915
942 _aNBS
_cBK
_k5.133 WU 2004
_2ddc
999 _c346325
_d346325